Statystyki dla Zakończenia państw

Kliknij tutaj aby rozwiązać quiz!

Ogólne statystyki

  • Ten quiz został rozwiązany 383 razy
  • Średni wynik to 14 z 42

Statystyki odpowiedzi

HintKraj% Poprawnych
-skaPolska
93%
-landiaIslandia
77%
-landiaIrlandia
71%
-cjaFrancja
60%
-nyChiny
52%
-chyCzechy
52%
-cjaGrecja
52%
-landiaFinlandia
50%
-chyWłochy
48%
-daKanada
47%
-giaNorwegia
47%
-cjaChorwacja
46%
-cjaTurcja
45%
-landiaHolandia
44%
-ajParagwaj
43%
-cjaSzwecja
43%
-giaBelgia
40%
-ajUrugwaj
39%
-cjaSłowacja
37%
-riaBułgaria
36%
-neStany Zjednoczone
34%
-inBenin
29%
-riaAlgieria
26%
-orEkwador
25%
-riaSzwajcaria
24%
-landiaTajlandia
24%
-riaNigeria
23%
-riaAustria
22%
-riaSyria
19%
-landiaNowa Zelandia
16%
-orSalwador
16%
-nyFilipiny
15%
-daGrenada
12%
-daUganda
11%
-skaArabia Saudyjska
10%
-riaLiberia
10%
-daRwanda
9%
-inLiechtenstein
7%
-nySaint Vincent i Grenadyny
4%
-neSierra Leone
4%
-skaRepublika
Środkowoafrykańska
3%
-daAntigua i Barbuda
2%

Rozkład punktacji

Percentyl według liczby udzielonych odpowiedzi

Procent ludzi z każdym wynikiem

Twoja historia wyników

Nie rozwiązałeś tego quizu